| 000 | 00569nam a2200229 a 4500 | ||
|---|---|---|---|
| 001 | 0001-1210 | ||
| 003 | ELIB.Books | ||
| 008 | 150519 2010 eng | ||
| 020 | _aKBTS | ||
| 035 | _a(ELIB.Books)0001-1365 | ||
| 092 |
_aJ _bAnd |
||
| 100 | _aAnderson, Gerald H. | ||
| 245 | _aProfessional Academic Associations for Misssion Studies | ||
| 260 | _c2013 | ||
| 300 | _cVol. 37, No.1 | ||
| 500 | _aLibrary | ||
| 650 | _aMission | ||
| 856 |
_nKBTS: Library _uKBTS: Elib |
||
| 942 |
_2ddc _cBK |
||
| 998 |
_cbat _e2015-05-19 |
||
| 999 |
_c11210 _d11210 |
||